A pernicious sort of woman (Record no. 130920)

MARC details
000 -LEADER
fixed length control field 01831nam a2200397 a 4500
001 - CONTROL NUMBER
control field vtls003208306
003 - CONTROL NUMBER IDENTIFIER
control field MY-SjTCS
005 - DATE AND TIME OF LATEST TRANSACTION
control field 20200226114337.0
006 - FIXED-LENGTH DATA ELEMENTS--ADDITIONAL MATERIAL CHARACTERISTICS
fixed length control field m u
007 - PHYSICAL DESCRIPTION FIXED FIELD--GENERAL INFORMATION
fixed length control field cr cn|||||||||
008 - FIXED-LENGTH DATA ELEMENTS--GENERAL INFORMATION
fixed length control field 100906s2005 dcu sb 001 0 eng
010 ## - LIBRARY OF CONGRESS CONTROL NUMBER
Canceled/invalid LC control number 2004-001570
020 ## - INTERNATIONAL STANDARD BOOK NUMBER
Canceled/invalid ISBN 0813213924 (alk. paper)
035 ## - SYSTEM CONTROL NUMBER
System control number (CaPaEBR)ebr10267264
039 #9 - LEVEL OF BIBLIOGRAPHIC CONTROL AND CODING DETAIL [OBSOLETE]
-- 201009061404
-- VLOAD
040 ## - CATALOGING SOURCE
Original cataloging agency CaPaEBR
Transcribing agency CaPaEBR
043 ## - GEOGRAPHIC AREA CODE
Geographic area code e------
050 14 - LIBRARY OF CONGRESS CALL NUMBER
Classification number BX4212
Item number .M12 2005eb
082 04 - DEWEY DECIMAL CLASSIFICATION NUMBER
Classification number 262.9/2
Edition number 22
100 1# - MAIN ENTRY--PERSONAL NAME
Personal name Makowski, Elizabeth M.,
Dates associated with a name 1951-
245 12 - TITLE STATEMENT
Title A pernicious sort of woman
Medium [electronic resource] :
Remainder of title quasi-religious women and canon lawyers in the later Middle Ages /
Statement of responsibility, etc. Elizabeth Makowski.
250 ## - EDITION STATEMENT
Edition statement 1st ed.
260 ## - PUBLICATION, DISTRIBUTION, ETC.
Place of publication, distribution, etc. Washington, D.C. :
Name of publisher, distributor, etc. Catholic University of America Press,
Date of publication, distribution, etc. c2005.
300 ## - PHYSICAL DESCRIPTION
Extent xxxiii, 170 p. ;
Dimensions 23 cm.
490 1# - SERIES STATEMENT
Series statement Studies in medieval and early modern canon law ;
Volume/sequential designation v. 6
504 ## - BIBLIOGRAPHY, ETC. NOTE
Bibliography, etc. note Includes bibliographical references (p. 151-160) and index.
505 0# - FORMATTED CONTENTS NOTE
Formatted contents note Academic commentary : lawyers interpret the law -- Consilia, and decisiones : practical application of legal theory -- Assessment and reassessment.
529 ## -
-- TSLHHL
533 ## - REPRODUCTION NOTE
Type of reproduction Electronic reproduction.
Place of reproduction Palo Alto, Calif. :
Agency responsible for reproduction ebrary,
Date of reproduction 2009.
Note about reproduction Available via World Wide Web.
-- Access may be limited to ebrary affiliated libraries.
650 #0 - SUBJECT ADDED ENTRY--TOPICAL TERM
Topical term or geographic name entry element Monasticism and religious orders for women (Canon law)
General subdivision History
Chronological subdivision To 1500.
650 #0 - SUBJECT ADDED ENTRY--TOPICAL TERM
Topical term or geographic name entry element Third orders
General subdivision History
Chronological subdivision To 1500.
655 #7 - INDEX TERM--GENRE/FORM
Genre/form data or focus term Electronic books.
Source of term local
710 2# - ADDED ENTRY--CORPORATE NAME
Corporate name or jurisdiction name as entry element ebrary, Inc.
9 (RLIN) 25628
830 #0 - SERIES ADDED ENTRY--UNIFORM TITLE
Uniform title Studies in medieval and early modern canon law ;
Volume/sequential designation v. 6.
856 40 - ELECTRONIC LOCATION AND ACCESS
Uniform Resource Identifier https://ezproxy.taylors.edu.my/login?url=http://site.ebrary.com/lib/taylorscollege/Doc?id=10267264
Public note An electronic book accessible through the World Wide Web; click to view
Holdings
Withdrawn status Lost status Damaged status Not for loan Home library Current library Date acquired Total Checkouts Date last seen Price effective from Koha item type
      e-book Taylor's Library-TU Taylor's Library-TU 07/02/2020   07/02/2020 07/02/2020 E-Book